| 000 | 00513nam a2200181 a 4500 | ||
|---|---|---|---|
| 005 | 20140310183456.0 | ||
| 008 | 100318s19uu xx 00 eng d | ||
| 020 | _a978-971-584-763-6 | ||
| 050 |
_aTX 642 _b.C149 2008 |
||
| 100 | _aCalero, Rafael. | ||
| 245 |
_a25 kitchens / _cRafael Calero. |
||
| 260 |
_aQuezon City : _bC & E Publishing, Inc, _cc2008. |
||
| 300 |
_a137 p. : _bill. col. , _c22 cm. |
||
| 650 |
_aKitchens _xinterior design. |
||
| 942 |
_cBK _2lcc _kLOC |
||
| 999 |
_c23643 _d23643 |
||